| 000 | 00763nam a2200205 a 4500 | ||
|---|---|---|---|
| 001 | 000042134 | ||
| 005 | 20201002035948.0 | ||
| 008 | 131114s2009 gt 000 0 spa d | ||
| 020 | _a9789992212721 | ||
| 040 |
_aDO-SdBNP _bspa _cBNPHU |
||
| 082 |
_axxx _bM774c |
||
| 100 | 1 |
_aMonteforte Toledo, Mario _d1911-2003 _923853 |
|
| 245 | 1 | 3 |
_aLa cueva sin quietud : _bcuentos / _cMario Monteforte Toledo ; edición Jusé Luis Perdomo Orellana. |
| 260 |
_aGuatemala : _bPiedra Santa, _c2009. |
||
| 300 |
_a198 p. ; _c21 cm. |
||
| 490 | 1 |
_aFundación Mario Monteforte Toledo _v4 |
|
| 500 | _aIncluye datos biográficos del autor en la solapa de la cubierta | ||
| 700 | 1 | 2 |
_aPerdomo Orellana, Jusé Luis _eed. _969129 |
| 830 | 0 |
_aFundación Mario Monteforte Toledo _n4 _969130 |
|
| 999 |
_c41623 _d41623 |
||